[Event "CYCC U14 "]
[Site "Hamilton CAN"]
[Date "2022.07.08"]
[Round "2.9"]
[White "Suresh, Pavan"]
[Black "Zhang, Brian"]
[Result "0-1"]
[WhiteElo "1413"]
[BlackElo "1842"]
[PlyCount "40"]
[EventDate "2022.07.08"]
[EventType "swiss"]
[EventRounds "7"]
[EventCountry "CAN"]

1. e4 c5 2. Nf3 d6 3. d4 cxd4 4. Qxd4 Nc6 5. Bb5 Bd7 6. Bxc6 Bxc6 7. Nc3 Nf6 8.
Bg5 e6 9. Bxf6 gxf6 10. O-O Be7 11. Rad1 Rg8 12. Kh1 Qc7 13. Qc4 f5 14. exf5
Bxf3 15. gxf3 Qxc4 16. Rg1 O-O-O 17. fxe6 fxe6 18. Rge1 Qf4 19. Rd3 Qg5 20.
Rxe6 Qg2# 0-1

[Event "CYCC U14 "]
[Site "Hamilton CAN"]
[Date "2022.07.08"]
[Round "2.10"]
[White "Puri, Dylan"]
[Black "Wang, Andy"]
[Result "0-1"]
[WhiteElo "1087"]
[BlackElo "1806"]
[PlyCount "48"]
[EventDate "2022.07.08"]
[EventType "swiss"]
[EventRounds "7"]
[EventCountry "CAN"]

1. e4 e5 2. Nf3 Nc6 3. Bc4 Bc5 4. c3 Nf6 5. d4 exd4 6. cxd4 Bb4+ 7. Nbd2 d5 8.
exd5 Nxd5 9. O-O Bxd2 10. Bxd2 O-O 11. h3 Nb6 12. Bd3 Nxd4 13. Bb4 Nxf3+ 14.
Qxf3 Re8 15. Rad1 Qg5 16. Rfe1 Be6 17. Qxb7 Bd5 18. Qxd5 Rxe1+ 19. Rxe1 Nxd5
20. h4 Qxh4 21. Ba3 Nf6 22. Re7 Ng4 23. f3 Qf2+ 24. Kh1 Ne3 0-1

[Event "CYCC U14 "]
[Site "Hamilton CAN"]
[Date "2022.07.08"]
[Round "2.11"]
[White "Zeng, Gordon"]
[Black "Leong, Aiden"]
[Result "0-1"]
[WhiteElo "929"]
[BlackElo "1775"]
[PlyCount "72"]
[EventDate "2022.07.08"]
[EventType "swiss"]
[EventRounds "7"]
[EventCountry "CAN"]

1. e4 c6 2. Nc3 d5 3. exd5 cxd5 4. Bb5+ Nc6 5. Nf3 a6 6. Ba4 Bg4 7. d4 e6 8. h3
Bxf3 9. Qxf3 b5 10. Bb3 Nxd4 11. Qd3 Nxb3 12. axb3 b4 13. Ne2 Qb6 14. Be3 Bc5
15. O-O Bxe3 16. fxe3 Nf6 17. Ra4 O-O 18. c3 a5 19. Nd4 Ne4 20. Rfa1 Nc5 21.
Qc2 Nxa4 22. bxa4 Rac8 23. Nf3 Qxe3+ 24. Kh1 bxc3 25. Rc1 cxb2 26. Qxc8 bxc1=Q+
27. Qxc1 Qxc1+ 28. Kh2 Qf4+ 29. Kg1 Qxf3 30. gxf3 Rc8 31. Kg2 Rc2+ 32. Kg3 d4
33. h4 d3 34. Kg4 d2 35. Kg5 d1=Q 36. f4 Rg2# 0-1

[Event "CYCC U14 "]
[Site "Hamilton CAN"]
[Date "2022.07.08"]
[Round "2.12"]
[White "Lu, Tony"]
[Black "Kheni, Kush"]
[Result "1-0"]
[WhiteElo "1773"]
[BlackElo "907"]
[PlyCount "95"]
[EventDate "2022.07.08"]
[EventType "swiss"]
[EventRounds "7"]
[EventCountry "CAN"]

1. e4 e5 2. Nf3 Nc6 3. d4 f6 4. dxe5 fxe5 5. Bc4 h6 6. Nxe5 Nf6 7. Nf7 Qe7 8.
Nxh8 Qxe4+ 9. Qe2 Qxe2+ 10. Bxe2 Bb4+ 11. Bd2 Bc5 12. Ng6 d6 13. Nc3 Bf5 14.
Nf4 Bxc2 15. O-O O-O-O 16. Ne6 Rg8 17. Nxc5 dxc5 18. Be3 b6 19. Rac1 Bf5 20.
Rfd1 Re8 21. Bb5 Kb7 22. h3 a6 23. Bxc6+ Kxc6 24. Rd2 Kb7 25. Rcd1 Kc8 26. Bf4
Bd7 27. Nd5 Nxd5 28. Rxd5 Be6 29. Re5 Bd7 30. Rxe8+ Bxe8 31. Re1 Bf7 32. Re7
Bxa2 33. Rxc7+ Kd8 34. Rxg7 Bc4 35. Bc7+ Ke8 36. Bxb6 Kf8 37. Rh7 Ke8 38. Rxh6
a5 39. Bxa5 Ba6 40. Rxa6 c4 41. Ra7 c3 42. bxc3 Kf8 43. c4 Ke8 44. c5 Kf8 45.
c6 Ke8 46. Rd7 Kf8 47. c7 Ke8 48. c8=Q# 1-0

[Event "CYCC U14 "]
[Site "Hamilton CAN"]
[Date "2022.07.08"]
[Round "2.14"]
[White "Han, Johnathan"]
[Black "Huang, Winston"]
[Result "1-0"]
[WhiteElo "2232"]
[BlackElo "1131"]
[PlyCount "47"]
[EventDate "2022.07.08"]
[EventType "swiss"]
[EventRounds "7"]
[EventCountry "CAN"]

1. e4 e5 2. Nf3 Nc6 3. d4 exd4 4. Nxd4 Bc5 5. Nxc6 dxc6 6. Bd3 Nf6 7. O-O O-O
8. Nd2 Bg4 9. Qe1 Re8 10. Kh1 h6 11. f4 Bd7 12. Qg3 Nh5 13. Qe1 Nf6 14. e5 Nd5
15. Ne4 Bb6 16. Qg3 Kh8 17. f5 Rg8 18. f6 g5 19. Nxg5 Rxg5 20. Qh4 Be3 21.
Qxh6+ Kg8 22. Bh7+ Kh8 23. Bg6+ Kg8 24. Qg7# 1-0

[Event "CYCC U14 "]
[Site "Hamilton CAN"]
[Date "2022.07.08"]
[Round "2.15"]
[White "Joseph, Jonath"]
[Black "Jiao, Dian Bing"]
[Result "1-0"]
[WhiteElo "1782"]
[BlackElo "1188"]
[PlyCount "76"]
[EventDate "2022.07.08"]
[EventType "swiss"]
[EventRounds "7"]
[EventCountry "CAN"]

1. e4 e6 2. d4 d5 3. e5 c5 4. c3 Nc6 5. Nf3 Bd7 6. Be2 Nge7 7. O-O Ng6 8. Be3
Be7 9. dxc5 Ngxe5 10. Nxe5 Nxe5 11. Bd4 Bf6 12. f4 Ng6 13. f5 exf5 14. Bd3 O-O
15. Bxf5 Bxd4+ 16. cxd4 Ne7 17. Bxd7 Qxd7 18. Nc3 Rae8 19. Qd3 Rb8 20. b4 b6
21. Rab1 Rfc8 22. Nb5 Rc6 23. Nd6 f6 24. Qg3 Kh8 25. Nf7+ Kg8 26. Nh6+ Kf8 27.
Qxb8+ Rc8 28. Qf4 Ng6 29. Qf2 gxh6 30. Qxf6+ Kg8 31. Rbe1 Qc7 32. Qe6+ Kg7 33.
Rf6 Nf4 34. Rxf4 Qxf4 35. Qxc8 Qxd4+ 36. Kh1 Qf2 37. Qd7+ Kg6 38. Re6+ Kh5 1-0

[Event "CYCC U14 "]
[Site "Hamilton CAN"]
[Date "2022.07.08"]
[Round "2.16"]
[White "Broekema, Lincoln"]
[Black "Yang, Lefan"]
[Result "0-1"]
[WhiteElo "1151"]
[BlackElo "1738"]
[PlyCount "80"]
[EventDate "2022.07.08"]
[EventType "swiss"]
[EventRounds "7"]
[EventCountry "CAN"]

1. d4 e6 2. c4 f5 3. Nf3 Nf6 4. g3 d5 5. Bf4 c6 6. Nc3 Be7 7. Bg2 O-O 8. O-O
Nbd7 9. Qc2 Ne4 10. Ne5 g5 11. Nxd7 Qxd7 12. Be5 b6 13. a4 Nxc3 14. Qxc3 a5 15.
Rfc1 Bb4 16. Qc2 Bb7 17. c5 bxc5 18. dxc5 Ba6 19. Bd6 Qg7 20. Bxf8 Rxf8 21. Bf1
f4 22. e4 Bxf1 23. Kxf1 f3 24. Kg1 Qh6 25. Qd3 dxe4 26. Qf1 Qg6 27. h3 h5 28.
Qa6 Qf5 29. Kh2 h4 30. g4 Qe5+ 31. Kh1 Qd5 32. Qc4 Kg7 33. Qxd5 exd5 34. Kg1
Kf6 35. b3 Ke5 36. Ra2 d4 37. Rc4 e3 38. Rxb4 e2 39. Ra1 axb4 40. a5 d3 0-1

[Event "CYCC U14 "]
[Site "Hamilton CAN"]
[Date "2022.07.08"]
[Round "2.17"]
[White "Chen, Ricky"]
[Black "Pollitt, Henry"]
[Result "1-0"]
[WhiteElo "1709"]
[BlackElo "1114"]
[PlyCount "93"]
[EventDate "2022.07.08"]
[EventType "swiss"]
[EventRounds "7"]
[EventCountry "CAN"]

1. e4 e6 2. d3 d5 3. Nd2 Nf6 4. c3 c5 5. Ngf3 Be7 6. g3 b6 7. Bg2 Bb7 8. exd5
exd5 9. d4 O-O 10. O-O Nbd7 11. Re1 Re8 12. Nf1 Qc7 13. Bf4 Bd6 14. Bxd6 Qxd6
15. Ne3 g6 16. h4 Nh5 17. dxc5 Nxc5 18. c4 Rad8 19. cxd5 f5 20. Nd2 f4 21. Nec4
Qf6 22. Rxe8+ Rxe8 23. g4 Ng7 24. g5 Qd4 25. Nd6 Rd8 26. Nxb7 Nxb7 27. Qb3 Nc5
28. Qc3 Nf5 29. Qxd4 Nxd4 30. Rd1 Nf5 31. Nf3 Na4 32. Rd2 Re8 33. Bh3 Nd6 34.
Bd7 Re4 35. Be6+ Kg7 36. b3 Nc5 37. Bh3 Re7 38. Nd4 Re1+ 39. Kg2 Nde4 40. Re2
Rxe2 41. Nxe2 Nd3 42. Be6 Nexf2 43. Kf3 Nd1 44. Nxf4 Nc5 45. d6 Nxe6 46. Nxe6+
Kf7 47. d7 1-0

[Event "CYCC U14 "]
[Site "Hamilton CAN"]
[Date "2022.07.15"]
[Round "2.18"]
[White "Zhang, James"]
[Black "Johnson, William"]
[Result "1-0"]
[WhiteElo "1362"]
[BlackElo "1082"]
[PlyCount "79"]
[EventDate "2022.07.08"]
[EventType "swiss"]
[EventRounds "7"]
[EventCountry "CAN"]

1. e4 e5 2. Nf3 Nc6 3. d4 d6 4. Nc3 Bg4 5. d5 Nd4 6. Be2 Nxf3+ 7. Bxf3 Bxf3 8.
Qxf3 Nf6 9. Bg5 Be7 10. Be3 c6 11. O-O-O cxd5 12. Nxd5 Nxd5 13. Rxd5 Rc8 14.
Qe2 Qd7 15. Kb1 Rc6 16. Rhd1 O-O 17. Rxe5 Ra6 18. Red5 Qa4 19. a3 Qxe4 20. f3
Qa4 21. Bc1 Re8 22. R1d4 Qc6 23. Qc4 Bf6 24. Rg4 h5 25. Qxc6 bxc6 26. Rxh5 Rb6
27. Ra5 Re1 28. b3 a6 29. Raa4 Bc3 30. Rge4 Rb5 31. Rxe1 Bxe1 32. Re4 Bc3 33.
Bb2 Bxb2 34. Kxb2 Ra5 35. g3 Rh5 36. h4 f5 37. Re6 g5 38. Rg6+ Kf7 39. Rxg5
Rxg5 40. hxg5 1-0

[Event "CYCC U14 "]
[Site "Hamilton CAN"]
[Date "2022.07.08"]
[Round "2.19"]
[White "Berube, Maximilien"]
[Black "Levanon, Peled"]
[Result "1-0"]
[WhiteElo "1271"]
[BlackElo "1028"]
[PlyCount "73"]
[EventDate "2022.07.08"]
[EventType "swiss"]
[EventRounds "7"]
[EventCountry "CAN"]

1. c4 e5 2. g3 Nf6 3. Bg2 c6 4. Nf3 e4 5. Nd4 d5 6. cxd5 cxd5 7. Nc3 Bc5 8. Nb3
Bd6 9. d3 Bf5 10. Nxd5 Nxd5 11. dxe4 Bb4+ 12. Bd2 Ne3 13. fxe3 Bxd2+ 14. Qxd2
Qxd2+ 15. Kxd2 Bg6 16. Nc5 Nc6 17. Nxb7 Rb8 18. Nd6+ Ke7 19. Nc4 Rhd8+ 20. Ke1
Rb4 21. b3 f6 22. Rd1 Rxd1+ 23. Kxd1 Ne5 24. Nxe5 fxe5 25. Kd2 a5 26. Rc1 Kd6
27. Kd3 Bf7 28. Kc3 Be6 29. Rd1+ Kc6 30. Bf3 g6 31. Rd8 h5 32. h3 Kc7 33. Ra8
Rb5 34. g4 h4 35. Rh8 g5 36. Rh5 Rc5+ 37. Kd2 1-0

[Event "CYCC U14 "]
[Site "Hamilton CAN"]
[Date "2022.07.08"]
[Round "2.20"]
[White "Singh, Udayveer"]
[Black "Khaimovich, Lev"]
[Result "0-1"]
[WhiteElo "1018"]
[BlackElo "1259"]
[PlyCount "76"]
[EventDate "2022.07.08"]
[EventType "swiss"]
[EventRounds "7"]
[EventCountry "CAN"]

1. d4 Nf6 2. c4 e6 3. Nf3 Bb4+ 4. Bd2 Be7 5. e3 c5 6. Nc3 d5 7. cxd5 exd5 8.
Be2 Nc6 9. O-O O-O 10. h3 b6 11. Qc2 Bb7 12. a3 Re8 13. Rac1 c4 14. e4 dxe4 15.
Nxe4 Nxe4 16. Qxe4 Bd6 17. Qc2 Rxe2 18. Rfe1 Rxe1+ 19. Rxe1 b5 20. Ng5 g6 21.
Qc3 Nxd4 22. Ne4 Bxe4 23. Rxe4 Nb3 24. Bh6 Bf8 25. Bf4 Bg7 26. Be5 Bxe5 27.
Rxe5 Qd7 28. Qf3 Re8 29. Qe2 Rxe5 30. Qxe5 Qf5 31. Qb8+ Kg7 32. Qxa7 Qb1+ 33.
Kh2 Qxb2 34. Qb6 c3 35. Qxb5 c2 36. a4 c1=Q 37. a5 Qf4+ 38. Kg1 Qbc1+ 0-1

[Event "CYCC U14 "]
[Site "Hamilton CAN"]
[Date "2022.07.08"]
[Round "2.21"]
[White "Harihara, Vikrant"]
[Black "Grosman, Ari"]
[Result "1/2-1/2"]
[WhiteElo "1242"]
[BlackElo "992"]
[PlyCount "55"]
[EventDate "2022.07.08"]
[EventType "swiss"]
[EventRounds "7"]
[EventCountry "CAN"]

1. e4 e6 2. b3 d5 3. Bb2 dxe4 4. Nc3 Nf6 5. Qe2 Bb4 6. O-O-O O-O 7. Nxe4 Be7 8.
g4 Bd7 9. g5 Nxe4 10. Qxe4 Bc6 11. Qe5 f6 12. Qxe6+ Kh8 13. gxf6 Bxf6 14. f3
Bxb2+ 15. Kxb2 Bxf3 16. Nxf3 Rxf3 17. Qe4 Qf6+ 18. c3 Nc6 19. Re1 Rd8 20. Re2
Rf4 21. Qg2 Ne5 22. Kb1 Qf5+ 23. d3 Nxd3 24. Qh3 Qf6 25. Qxd3 Rxf1+ 26. Rxf1
Qxf1+ 27. Kc2 Qf8 28. Qe4 1/2-1/2

[Event "CYCC U14 "]
[Site "Hamilton CAN"]
[Date "2022.07.08"]
[Round "2.22"]
[White "Sun, Jonathan"]
[Black "Georges, Maxim"]
[Result "0-1"]
[WhiteElo "873"]
[BlackElo "1226"]
[PlyCount "116"]
[EventDate "2022.07.08"]
[EventType "swiss"]
[EventRounds "7"]
[EventCountry "CAN"]

1. d4 Nf6 2. Nf3 d5 3. Bg5 Bf5 4. c4 e6 5. Nc3 c6 6. e3 Bb4 7. Be2 Qa5 8. Qc1
Ne4 9. a3 Bxc3+ 10. bxc3 Bg4 11. O-O Nxg5 12. Nxg5 Bxe2 13. Re1 Bxc4 14. Rb1 h6
15. Nf3 b6 16. Ne5 O-O 17. Nxc4 dxc4 18. Rb4 b5 19. e4 c5 20. dxc5 Nc6 21. Rb1
Ne5 22. Rd1 Rfd8 23. Rxd8+ Rxd8 24. h3 Rd3 25. Rb4 Nc6 26. Rb1 Qxc3 27. Qxc3
Rxc3 28. Rxb5 Rxa3 29. Kf1 Nd4 30. Rb1 c3 31. Ke1 Ra5 32. c6 Rc5 33. Rc1 Nb3
34. Rc2 Rxc6 35. Kd1 Rd6+ 36. Ke1 Rd3 37. Ke2 Rd2+ 38. Rxd2 cxd2 39. Kd1 a5 40.
Kc2 a4 41. f4 a3 42. f5 a2 43. Kxb3 d1=Q+ 44. Kxa2 exf5 45. exf5 Qe2+ 46. Kb3
Qxg2 47. h4 Qg3+ 48. Kc4 Qxh4+ 49. Kd5 Qg4 50. Ke5 h5 51. f6 gxf6+ 52. Kxf6
Qe6+ 53. Kg5 Qg6+ 54. Kf4 h4 55. Kf3 h3 56. Ke3 h2 57. Kf4 h1=Q 58. Ke5 Qhe4#
0-1

[Event "CYCC U14 "]
[Site "Hamilton CAN"]
[Date "2022.07.08"]
[Round "2.23"]
[White "Holmgren, Emilian"]
[Black "Hong, Zihan"]
[Result "1-0"]
[WhiteElo "1226"]
[BlackElo "841"]
[PlyCount "87"]
[EventDate "2022.07.08"]
[EventType "swiss"]
[EventRounds "7"]
[EventCountry "CAN"]

1. e4 e5 2. Nf3 Nc6 3. Bb5 Nf6 4. c3 d6 5. d4 Bd7 6. O-O Qe7 7. Qd3 a6 8. Ba4
O-O-O 9. d5 Nb8 10. Bc2 c6 11. c4 h5 12. Bg5 cxd5 13. cxd5 Bb5 14. Qc3+ Kd7 15.
Rc1 Rc8 16. Qe3 Qd8 17. a4 Qa5 18. b4 Qxb4 19. axb5 axb5 20. Qb6 Rc7 21. Na3
Qc5 22. Qxb5+ Qxb5 23. Nxb5 Rc5 24. Ba4 Be7 25. Rxc5 dxc5 26. Nxe5+ Kc8 27. d6
Bxd6 28. Nxf7 Rf8 29. Nbxd6+ Kc7 30. Rb1 b6 31. Nb5+ Kd7 32. Rd1+ Ke7 33. Nbd6
c4 34. e5 Ke6 35. exf6 gxf6 36. Bh6 Rg8 37. Re1+ Kd5 38. Bb5 c3 39. Bc4+ Kc5
40. Be3+ Kb4 41. Rb1+ Ka3 42. Nb5+ Ka4 43. Nxc3+ Ka3 44. Bc1# 1-0

[Event "CYCC U14 "]
[Site "Hamilton CAN"]
[Date "2022.07.08"]
[Round "2.24"]
[White "Shen, Yining"]
[Black "Xu, Joey"]
[Result "0-1"]
[WhiteElo "840"]
[BlackElo "1207"]
[PlyCount "124"]
[EventDate "2022.07.08"]
[EventType "swiss"]
[EventRounds "7"]
[EventCountry "CAN"]

1. e4 c5 2. Nf3 d6 3. d4 cxd4 4. Nxd4 Nf6 5. Nc3 g6 6. Bc4 a6 7. a4 Qa5 8. Bd2
Qc5 9. Bxf7+ Kxf7 10. Be3 Qc7 11. O-O Bg7 12. Qd2 Rf8 13. Bh6 Kg8 14. Bxg7 Kxg7
15. Rfe1 e5 16. Nf3 Be6 17. Ng5 Qe7 18. h3 h6 19. Nf3 Nc6 20. Rad1 Rad8 21. Qe3
Qf7 22. b3 Nh5 23. Ne2 Nf4 24. Nxf4 Qxf4 25. Qb6 Rd7 26. b4 Bxh3 27. Rd3 Bxg2
28. Kxg2 Qg4+ 29. Kf1 Rxf3 30. Rxf3 Qxf3 31. Re3 Qh1+ 32. Ke2 Nd4+ 33. Kd3 Qd1+
34. Kc4 Qxc2+ 35. Kd5 Qc6+ 36. Qxc6 bxc6+ 37. Kc4 Rf7 38. b5 axb5+ 39. axb5
Nxb5 40. Kb4 Rxf2 41. Ka5 Ra2+ 42. Kb6 Ra3 43. Re2 Nd4 44. Rd2 Re3 45. Kc7 Rxe4
46. Kxd6 Re2 47. Rd3 Nc2 48. Kxc6 Nb4+ 49. Kc5 Nxd3+ 50. Kc4 Nf4 51. Kc3 h5 52.
Kc4 h4 53. Kc5 h3 54. Kc6 h2 55. Kd6 h1=Q 56. Ke7 Nd5+ 57. Ke6 Qh3+ 58. Kxd5
Qd7+ 59. Kc4 Qd1 60. Kc3 Rc2+ 61. Kb3 Qb1+ 62. Ka3 Ra2# 0-1

[Event "CYCC U14 "]
[Site "Hamilton CAN"]
[Date "2022.07.08"]
[Round "2.25"]
[White "Buczynski, Christian"]
[Black "Leveille, Zachary"]
[Result "1-0"]
[WhiteElo "1199"]
[BlackElo "691"]
[PlyCount "193"]
[EventDate "2022.07.08"]
[EventType "swiss"]
[EventRounds "7"]
[EventCountry "CAN"]

1. d4 d5 2. c4 Nf6 3. cxd5 Nxd5 4. e4 Nb6 5. Nc3 e6 6. Bf4 Bd6 7. Bxd6 Qxd6 8.
e5 Qd8 9. f4 Nc6 10. Bb5 Bd7 11. Nge2 a6 12. Bd3 Qe7 13. a3 O-O-O 14. Qd2 Kb8
15. O-O-O Bc8 16. Be4 Bd7 17. Kb1 Rhe8 18. Qe3 Nc4 19. Qd3 Nb6 20. g3 Na7 21.
Qf3 Bc6 22. d5 exd5 23. Bxd5 Bxd5 24. Nxd5 Nxd5 25. Rxd5 Rxd5 26. Qxd5 Rd8 27.
Qe4 g6 28. Qc2 Nc6 29. Rd1 Rxd1+ 30. Qxd1 Qd8 31. Qxd8+ Nxd8 32. Kc2 Kc8 33.
Kd3 Kd7 34. Kd4 Nc6+ 35. Kd5 Ne7+ 36. Ke4 Ke6 37. Nd4+ Kd7 38. Nf3 h6 39. Nd4
c5 40. Nb3 b6 41. Nd2 b5 42. Nb3 Kc6 43. Nd2 c4 44. Kd4 Nf5+ 45. Kc3 a5 46. a4
Ne3 47. Kd4 Nc2+ 48. Kc3 Ne3 49. axb5+ Kxb5 50. Kd4 Nc2+ 51. Kc3 Ne3 52. Ne4
Nd5+ 53. Kd4 Nc7 54. Nd6+ Kb4 55. Nxc4 Ne6+ 56. Kd5 Nc7+ 57. Kd6 Nb5+ 58. Kd5
Nc7+ 59. Kc6 Kxc4 60. Kxc7 a4 61. Kd7 Kb3 62. Ke7 Kxb2 63. Kxf7 a3 64. e6 a2
65. e7 a1=Q 66. e8=Q Qa7+ 67. Qe7 Qa2+ 68. Kxg6 Qa8 69. Qe5+ Kc1 70. Kxh6 Qf8+
71. Qg7 Qd6+ 72. Kh5 Qd5+ 73. Qg5 Qf7+ 74. Kh4 Qh7+ 75. Kg4 Qd7+ 76. f5+ Kd1
77. Qf4 Qg7+ 78. Kh3 Qh8+ 79. Qh4 Qa8 80. Qd4+ Kc1 81. Qg1+ Kd2 82. Qg2+ Qxg2+
83. Kxg2 Ke3 84. f6 Ke4 85. f7 Ke5 86. f8=Q Ke6 87. g4 Kd7 88. g5 Ke6 89. g6
Ke5 90. g7 Ke4 91. g8=Q Kd3 92. Qf3+ Kd4 93. Qgg4+ Kc5 94. Qff5+ Kd6 95. Qgg6+
Kc7 96. Qff7+ Kd8 97. Qgg8# 1-0

[Event "CYCC U14 "]
[Site "Hamilton CAN"]
[Date "2022.07.09"]
[Round "3.1"]
[White "Lin, Leo"]
[Black "Zhang, Brian"]
[Result "1-0"]
[WhiteElo "2189"]
[BlackElo "1842"]
[PlyCount "67"]
[EventDate "2022.07.08"]
[EventType "swiss"]
[EventRounds "7"]
[EventCountry "CAN"]

1. e4 c5 2. Nc3 a6 3. g3 Nc6 4. Bg2 e6 5. Nge2 b5 6. d3 Bb7 7. O-O d6 8. f4 Nf6
9. f5 b4 10. Na4 e5 11. c3 d5 12. exd5 Nxd5 13. c4 Nf6 14. Be3 Ng4 15. Qd2 Qa5
16. b3 Rd8 17. h3 Nf6 18. Rae1 Be7 19. Nf4 exf4 20. Bxc5 Rd7 21. Bb6 Qxf5 22.
Rxf4 Rxd3 23. Qe2 Qd7 24. Nc5 Rd2 25. Nxd7 Rxe2 26. Nxf6+ gxf6 27. Rxe2 Kd7 28.
Bxc6+ Kxc6 29. Rxe7 Kxb6 30. c5+ Ka7 31. c6 Rd8 32. Rxb7+ Ka8 33. Rfxb4 Rd1+
34. Kf2 1-0

[Event "CYCC U14 "]
[Site "Hamilton CAN"]
[Date "2022.07.09"]
[Round "3.2"]
[White "Wang, Andy"]
[Black "Yang, Jingyun (Ryan)"]
[Result "1/2-1/2"]
[WhiteElo "1806"]
[BlackElo "2141"]
[PlyCount "53"]
[EventDate "2022.07.08"]
[EventType "swiss"]
[EventRounds "7"]
[EventCountry "CAN"]

1. e4 c5 2. Nf3 d6 3. d4 cxd4 4. Nxd4 Nf6 5. Nc3 a6 6. Be2 e6 7. Be3 Be7 8. f4
Qc7 9. Bf3 Nbd7 10. O-O O-O 11. Qe2 Rb8 12. a4 Nb6 13. Qd3 d5 14. exd5 Nfxd5
15. Nxd5 Nxd5 16. Bxd5 exd5 17. c3 Bd7 18. Nf3 b5 19. a5 b4 20. Qxd5 bxc3 21.
bxc3 Qxc3 22. Ba7 Be6 23. Qe5 Qxe5 24. Nxe5 Rbc8 25. Rac1 Bd6 26. g3 Bxe5 27.
fxe5 1/2-1/2

[Event "CYCC U14 "]
[Site "Hamilton CAN"]
[Date "2022.07.09"]
[Round "3.3"]
[White "Leong, Aiden"]
[Black "Su, Ethan"]
[Result "1/2-1/2"]
[WhiteElo "1775"]
[BlackElo "1987"]
[PlyCount "105"]
[EventDate "2022.07.08"]
[EventType "swiss"]
[EventRounds "7"]
[EventCountry "CAN"]

1. e4 c5 2. Nf3 d6 3. d4 cxd4 4. Nxd4 Nf6 5. Nc3 a6 6. Be3 e5 7. Nb3 Be6 8. f3
Be7 9. Qd2 O-O 10. g4 b5 11. O-O-O Nbd7 12. g5 b4 13. gxf6 bxc3 14. Qxc3 Nxf6
15. Na5 Rc8 16. Nc6 Qe8 17. Nxe7+ Qxe7 18. Qa5 Rc6 19. Kb1 Qb7 20. Rg1 Rb8 21.
b3 Kh8 22. Rg2 Bh3 23. Rgd2 Bxf1 24. Rxf1 Qc8 25. Rfd1 Rb5 26. Qa3 Ne8 27. Rxd6
Nxd6 28. Rxd6 Rb8 29. Ba7 Ra8 30. Rxc6 Qxc6 31. Qe7 Rc8 32. c4 Qc7 33. Qxc7
Rxc7 34. Bb8 Re7 35. c5 Re8 36. Bd6 g6 37. Kc2 Kg7 38. Kc3 Kf6 39. Kc4 Ke6 40.
b4 f5 41. a4 Ra8 42. b5 axb5+ 43. Kxb5 f4 44. Bc7 g5 45. Ba5 g4 46. c6 Rxa5+
47. Kxa5 g3 48. Ka6 Kd6 49. Kb7 gxh2 50. c7 h1=Q 51. c8=Q Qxf3 52. Qf8+ Kd7 53.
Qf7+ 1/2-1/2

[Event "CYCC U14 "]
[Site "Hamilton CAN"]
[Date "2022.07.09"]
[Round "3.5"]
[White "Huang, Richard"]
[Black "Lu, Tony"]
[Result "1/2-1/2"]
[WhiteElo "1953"]
[BlackElo "1773"]
[PlyCount "55"]
[EventDate "2022.07.08"]
[EventType "swiss"]
[EventRounds "7"]
[EventCountry "CAN"]

1. d4 d5 2. Nf3 Nf6 3. Bf4 c5 4. e3 Nc6 5. c3 Qb6 6. Qb3 c4 7. Qxb6 axb6 8. Be2
b5 9. O-O b4 10. cxb4 Nxb4 11. Nc3 Bd7 12. a3 Nc6 13. Nd2 Na5 14. e4 e6 15.
exd5 exd5 16. Be5 Be6 17. Bf3 O-O-O 18. Bxf6 gxf6 19. Rfe1 Bh6 20. Nf1 Kc7 21.
Ne3 Kc6 22. Rad1 b5 23. Ng4 Bg5 24. Na2 Rd6 25. Nb4+ Kc7 26. g3 f5 27. Ne3 Rhd8
28. Nec2 1/2-1/2

[Event "CYCC U14 "]
[Site "Hamilton CAN"]
[Date "2022.07.09"]
[Round "3.6"]
[White "Kot, Emanuel"]
[Black "Odoemelam, Daniel"]
[Result "1-0"]
[WhiteElo "1994"]
[BlackElo "1559"]
[PlyCount "141"]
[EventDate "2022.07.08"]
[EventType "swiss"]
[EventRounds "7"]
[EventCountry "CAN"]

1. e4 c5 2. Nf3 d6 3. d4 cxd4 4. Nxd4 Nf6 5. Nc3 g6 6. Be3 a6 7. f3 b5 8. a3
Bb7 9. Be2 Nbd7 10. Qd2 Qc7 11. O-O Bg7 12. Nb3 O-O 13. Rac1 Nc5 14. Rfd1 Rad8
15. Qe1 Ne6 16. Qf2 Rd7 17. Nd5 Nxd5 18. exd5 Nc5 19. Bxc5 dxc5 20. Nxc5 Rxd5
21. Rxd5 Bxd5 22. Nxa6 Qb7 23. Nc5 Qa7 24. c3 Rc8 25. Nd3 Qb7 26. Nb4 Bc4 27.
Bxc4 bxc4 28. Rd1 e6 29. Qd2 Bf8 30. Qd7 Rc7 31. Qd8 Rc8 32. Qd7 Rc7 33. Qd2
Rc8 34. Qe2 Bg7 35. Kh1 Bf8 36. Rd4 Qb5 37. Qd2 Qb6 38. g3 Qb7 39. Kg2 Qb6 40.
Qe2 Qb5 41. h4 Bg7 42. Rd2 Bh6 43. Rd1 Bf8 44. Qd2 Qb7 45. Qd7 Rc7 46. Qd8 Rc8
47. Qa5 Ra8 48. Qg5 Be7 49. Qe5 Rc8 50. Qd4 Bf8 51. Qd7 Rc7 52. Qa4 Rc8 53. Rd7
Qb6 54. Qd1 Qa5 55. Qd4 Bg7 56. Qf4 f6 57. Qe4 Qb6 58. a4 Bf8 59. a5 f5 60.
axb6 fxe4 61. b7 exf3+ 62. Kxf3 Re8 63. Nc6 e5 64. b8=Q e4+ 65. Ke2 Re6 66.
Ne7+ Kg7 67. Nf5+ Kf6 68. Qxf8+ Ke5 69. Ne3 Rf6 70. Qc5+ Ke6 71. Qd5# 1-0

[Event "CYCC U14 "]
[Site "Hamilton CAN"]
[Date "2022.07.09"]
[Round "3.7"]
[White "Shi, Michael"]
[Black "Wang, Derek"]
[Result "1/2-1/2"]
[WhiteElo "1970"]
[BlackElo "1934"]
[PlyCount "60"]
[EventDate "2022.07.08"]
[EventType "swiss"]
[EventRounds "7"]
[EventCountry "CAN"]

1. e4 c5 2. Nf3 Nc6 3. Bb5 Qb6 4. a4 e6 5. O-O Nge7 6. c3 g6 7. Re1 Bg7 8. Na3
d6 9. Nc4 Qc7 10. e5 dxe5 11. Ncxe5 O-O 12. d4 Nxe5 13. dxe5 Rd8 14. Qe2 a6 15.
Bc4 Bd7 16. Bg5 Bc6 17. Nd2 h6 18. Bf6 Bxf6 19. exf6 Qf4 20. Nb3 Qxf6 21. Nxc5
Nf5 22. Ne4 Bxe4 23. Qxe4 Nd6 24. Qe2 Nxc4 25. Qxc4 Rd2 26. Re2 Rad8 27. Rae1
Rxe2 28. Qxe2 Qf4 29. Rd1 Qc7 30. Rxd8+ Qxd8 1/2-1/2

[Event "CYCC U14 "]
[Site "Hamilton CAN"]
[Date "2022.07.09"]
[Round "3.8"]
[White "Guliyev, Nadir"]
[Black "Jiang, Barron Jiyu"]
[Result "0-1"]
[WhiteElo "1279"]
[BlackElo "1740"]
[PlyCount "52"]
[EventDate "2022.07.08"]
[EventType "swiss"]
[EventRounds "7"]
[EventCountry "CAN"]

1. d4 Nf6 2. c4 e5 3. dxe5 Ng4 4. Nf3 Bc5 5. e3 Nc6 6. a3 a5 7. Nc3 Ngxe5 8.
Nd4 d6 9. Be2 O-O 10. O-O Ne7 11. Rb1 N5c6 12. Nc2 Be6 13. b4 axb4 14. axb4 Bb6
15. Na3 Ne5 16. f4 Rxa3 17. Bxa3 Bxe3+ 18. Kh1 Nxc4 19. Bxc4 Bxc4 20. Re1 Bf2
21. Qf3 Bxe1 22. Rxe1 Re8 23. Qxb7 Nd5 24. Ne2 Nxf4 25. Qc6 Bd5 26. Qb5 c6 0-1

[Event "CYCC U14 "]
[Site "Hamilton CAN"]
[Date "2022.07.09"]
[Round "3.9"]
[White "Chen, Sam"]
[Black "Han, Johnathan"]
[Result "0-1"]
[WhiteElo "1299"]
[BlackElo "2232"]
[PlyCount "68"]
[EventDate "2022.07.08"]
[EventType "swiss"]
[EventRounds "7"]
[EventCountry "CAN"]

1. e4 c5 2. Nf3 d6 3. d4 cxd4 4. Nxd4 Nf6 5. Nc3 a6 6. Be2 e5 7. Nf3 h6 8. O-O
Be6 9. Be3 Be7 10. Ne1 O-O 11. f4 exf4 12. Bxf4 Nc6 13. Nd3 b5 14. e5 dxe5 15.
Nxe5 Qb6+ 16. Kh1 Rad8 17. Nxc6 Qxc6 18. Bf3 Qc4 19. Qe2 Qxf4 20. Be4 Qc7 21.
Rad1 Rxd1 22. Rxd1 Rd8 23. Rxd8+ Qxd8 24. Qd3 Nxe4 25. Qxe4 Qd2 26. Qa8+ Kh7
27. Qe4+ g6 28. Qe2 Qxe2 29. Nxe2 Bxa2 30. Nc3 Be6 31. Kg1 Bc5+ 32. Kf1 Bc4+
33. Ke1 Bb4 34. Kd2 Kg7 0-1

[Event "CYCC U14 "]
[Site "Hamilton CAN"]
[Date "2022.07.09"]
[Round "3.10"]
[White "Berube, Maximilien"]
[Black "Joseph, Jonath"]
[Result "0-1"]
[WhiteElo "1271"]
[BlackElo "1782"]
[PlyCount "50"]
[EventDate "2022.07.08"]
[EventType "swiss"]
[EventRounds "7"]
[EventCountry "CAN"]

1. c4 e5 2. g3 Nc6 3. Bg2 Bc5 4. Nc3 f5 5. e3 Nf6 6. Nge2 e4 7. d4 exd3 8. Qxd3
Ne5 9. Qxf5 d6 10. Qc2 O-O 11. O-O Nfg4 12. h3 Qg5 13. e4 Rxf2 14. Rxf2 Bxf2+
15. Kh1 Be3 16. Bxe3 Nxe3 17. Qa4 Be6 18. Nd5 Bxd5 19. cxd5 Nxg2 20. Kxg2 Qe3
21. Qc2 Qf3+ 22. Kh2 Qf2+ 23. Kh1 Nf3 24. Nd4 Qxd4 25. Rf1 Rf8 0-1